| 000 | 02026aam a2200337 i 4500 | ||
|---|---|---|---|
| 001 | 768714001 | ||
| 003 | CO-MdFUSB | ||
| 005 | 20231018153229.0 | ||
| 007 | ta | ||
| 008 | 231003t19822005spa||||g |||| 00| 0 spa d | ||
| 020 | _a8482673009 | ||
| 040 |
_aCO-MdFUSB _bspa _cCO-MdFUSB _dCO-MdFUSBC _erda |
||
| 041 | _aspa | ||
| 082 |
_223 _a248.32 _bM817 |
||
| 100 |
_aMoody, D.L, _eautor |
||
| 245 | 1 | 3 |
_aLa oración que prevalece _c/ D. L. Moody |
| 264 | 1 |
_aBarcelona, España : _bClie, _c[1982] |
|
| 264 | 4 | _c©1982 | |
| 300 |
_a112 páginas _c; 18 cm |
||
| 336 |
_2rdacontent _atexto _btxt |
||
| 337 |
_2rdamedia _asin mediación _bn |
||
| 338 |
_2rdacarrier _avolumen _bnc |
||
| 490 | _aPerlas escogidas | ||
| 505 | _aCapítulo 1. Las oraciones de la Biblia -- Capítulo 2. Adoración -- Capítulo 3. Confesión -- Capítulo 4. Restitución -- Capítulo 5. Acción de gracias -- Capítulo 6. Perdón -- Capítulo 7. La unidad -- Capítulo 8. La Fe -- Capítulo 9. Petición -- 10. Sumisión -- Capítulo 11. Oraciones contestadas. | ||
| 520 | _aLa oración que prevalece es un clásico sobre la oración, salido de la pluma de uno de los más significativos hombres de Dios en la historia del cristianismo en los Estados Unidos, y a la vez uno de los más grandes y reconocidos predicadores del siglo XIX: D. L. Moody. Transfiriendo al mundo del papel y la tinta su inimitable estilo de gran orador, los mensajes de Moody que transcriben estas páginas aportan una visión tan completa como innovadora del tema de la oración, partiendo de las grandes oraciones que encontramos en la Biblia. Basándose en ellas, analiza uno a uno los nueve elementos esenciales de toda oración que, según el gran predicador, constituyen el secreto para que nuestras oraciones resulten eficaces y prevalezcan: adoración, confesión, restitución, acción de gracias, perdón, unión, fe, súplica y sumisión. | ||
| 563 | _aRústico | ||
| 650 | 0 |
_951 _aVida espiritual |
|
| 650 | 7 |
_986 _aOración |
|
| 942 | _cBK | ||
| 945 | _asor1564 | ||
| 999 |
_c69099 _d69099 |
||